000 00851cam a2200241 i 4500
003 SA-RiAUC
005 20250611073136.0
008 250610s2000 le g 00000bara c
040 _aSA-RiAUC
_bara
_cSA-RiAUC
_erda
082 0 4 _a922.117
_qSA-RiAUC
090 _a922.117
_bر ح ل
245 0 0 _aرحلات الإمام محمد رشيد رضا /
_cجمعها وحققها يوسف أيبش.
264 1 _aبيروت :
_bبدر للنشر،
_c2000
300 _a303 صفحة ؛
_c24 سم
336 _aنص
_btxt
_2rdacontent
_3كتاب
337 _aبدون وسيط
_bn
_2rdamedia
338 _aمجلد
_bnc
_2rdacarrier
600 0 7 _aمحمد رشيد رضا،
_d1865-1935
_2aucnm
650 7 _aالرحلات
_2aucsh
700 1 _aإيبش، يوسف،
_d1926-2003
_eجامع.
942 _2ddc
_cBOOK
_n0
949 _aSA-JeALM
_d250610
_uosman123
_n1
999 _c8806
_d8806